One Piece - Tier List #1 - Statistiques

Statistiques générales
  • Ce quiz a été pris 125 fois
  • Le résultat moyen est 4 sur 8
Statistiques - réponses
Par images Réponse % Correct
Bretteur
86%
Rapidité
76%
Intelligence
68%
Fluide Royal
56%
Prime
51%
Force Physique
42%
Résistance
33%
Méchanceté
19%
Aucun quiz correspondant
Distribution des résultats
% des personnes avec chaque résultat
Percentile par nombre de réponses
Votre historique - résultats
Vous n’avez pas pris ce quiz